[Event "22nd ch-EUR Indiv 2022"]
[Site "Terme Catez SLO"]
[Date "2022.04.01"]
[Round "6.94"]
[White "Laptii, Nazar"]
[Black "Buksa, Nataliya"]
[Result "0-1"]
[BlackTitle "IM"]
[WhiteElo "2180"]
[BlackElo "2401"]
[WhiteFideId "14174332"]
[BlackFideId "14123622"]
[EventDate "2022.03.27"]

1. e4 c5 2. Nf3 Nc6 3. d4 cxd4 4. Nxd4 Nf6 5. Nc3 e5 6. Ndb5 d6 7. Nd5 Nxd5 8.
exd5 Ne7 9. c4 Ng6 10. Qa4 Bd7 11. Qb4 Bf5 12. h4 h5 13. Bg5 Qb8 14. Qa5 b6 15.
Qa4 Bd7 16. Bd3 a6 17. Bf5 Be7 18. Bxd7+ Kxd7 19. Nc3+ Kd8 20. Be3 Nxh4 21. Rxh4
Bxh4 22. c5 Bxf2+ 23. Bxf2 bxc5 24. O-O-O Ke7 25. Bh4+ f6 26. Qc2 Qc8 27. Bf2
Qg4 28. Kb1 Rhc8 29. Rh1 Rab8 30. Rh3 Qxg2 31. Rg3 Qf1+ 32. Nd1 Rg8 33. Rg1 Qh3
34. Qh7 Kf8 35. Be3 Rb4 36. Bh6 Rg4 37. Qf5 Kf7 38. Qe6+ Kg6 39. Qxg8 Kxh6 40.
Re1 Qd3+ 41. Kc1 Rg2 42. Qh8+ Kg6 43. Nf2 Qf3 44. Ne4 Qf4+ 45. Kb1 Qh4 46. Qe8+
Kh7 0-1

[Event "22nd ch-EUR Indiv 2022"]
[Site "Terme Catez SLO"]
[Date "2022.04.01"]
[Round "6.95"]
[White "Eric, Jovana"]
[Black "Fridman, Daniel"]
[Result "1/2-1/2"]
[WhiteTitle "WGM"]
[BlackTitle "GM"]
[WhiteElo "2278"]
[BlackElo "2628"]
[WhiteFideId "938238"]
[BlackFideId "11600454"]
[EventDate "2022.03.27"]

1. e4 c6 2. d4 d5 3. exd5 cxd5 4. Bd3 Nc6 5. c3 Qc7 6. h3 e6 7. Nf3 Bd6 8. O-O
Nge7 9. Re1 O-O 10. b3 Bd7 11. c4 f6 12. Nc3 a6 13. Bd2 b6 14. Rc1 Ba3 15. Rb1
Kh8 16. Bc1 Bd6 17. Bb2 Qc8 18. a3 Be8 19. Rc1 Bh5 20. Be2 Bf4 21. Rc2 Ra7 22.
Na4 Qd8 23. Nh4 Bf7 24. cxd5 exd5 25. Bd3 Na5 26. Nf5 Nxf5 1/2-1/2

[Event "22nd ch-EUR Indiv 2022"]
[Site "Terme Catez SLO"]
[Date "2022.04.01"]
[Round "6.96"]
[White "Kanov, Nikola"]
[Black "Halkias, Stelios"]
[Result "0-1"]
[WhiteTitle "CM"]
[BlackTitle "GM"]
[WhiteElo "2265"]
[BlackElo "2527"]
[WhiteFideId "2928531"]
[BlackFideId "4201809"]
[EventDate "2022.03.27"]

1. e4 e5 2. Nf3 Nc6 3. Bc4 Nf6 4. d3 Bc5 5. O-O d6 6. c3 O-O 7. h3 h6 8. Re1 a5
9. a4 Be6 10. Nbd2 Ba7 11. Bxe6 fxe6 12. Nc4 Nh5 13. Be3 Nf4 14. Bxa7 Rxa7 15.
Re3 Qf6 16. Kh2 Raa8 17. Qf1 Rf7 18. Rd1 Raf8 19. Rd2 Qg6 20. Ng1 d5 21. Na3 Rd7
22. Nf3 d4 23. Re1 Nxh3 24. Kxh3 Rxf3+ 25. gxf3 Qh5+ 26. Kg2 Qg5+ 27. Kh1 Qxd2
28. Nc4 Qf4 29. Qh3 dxc3 30. bxc3 Rxd3 31. Qxe6+ Kh8 32. Qc8+ Kh7 33. Qf5+ Qxf5
34. exf5 Rxf3 35. Nxe5 Rxc3 36. Nd7 Rf3 37. f6 gxf6 38. Rg1 Ne5 39. Nf8+ Kh8 40.
Kg2 Rf4 41. f3 Rxa4 42. Ne6 Ra2+ 0-1

[Event "22nd ch-EUR Indiv 2022"]
[Site "Terme Catez SLO"]
[Date "2022.04.01"]
[Round "6.97"]
[White "Blagojevic, Tijana"]
[Black "Zelcic, Robert"]
[Result "0-1"]
[WhiteTitle "WIM"]
[BlackTitle "GM"]
[WhiteElo "2260"]
[BlackElo "2513"]
[WhiteFideId "16500270"]
[BlackFideId "14500310"]
[EventDate "2022.03.27"]

1. e4 c6 2. d4 d5 3. e5 c5 4. dxc5 e6 5. a3 Bxc5 6. Nf3 Nd7 7. b4 Be7 8. Bb2 a5
9. b5 Nh6 10. Nbd2 O-O 11. Be2 Qc7 12. c4 Ng4 13. cxd5 exd5 14. Rc1 Qb8 15. Qb3
Ndxe5 16. Qxd5 Nxf3+ 17. Nxf3 Bf6 18. Bxf6 Nxf6 19. Qd3 Bg4 20. O-O Rd8 21. Qc4
Be6 22. Qc7 Qxc7 23. Rxc7 Nd5 24. Rc5 Nf4 25. Bc4 Rac8 26. Rxc8 Rxc8 27. Bxe6
Nxe6 28. Rd1 Kf8 29. Kf1 Rc5 30. a4 Ke7 31. Nd2 Rd5 32. Ke1 Rd4 33. Ra1 Nc5 34.
Ra3 b6 35. Re3+ Kf8 36. Rc3 Rxa4 37. Nc4 Ra1+ 38. Ke2 Ra2+ 39. Ke3 Nd7 40. Rd3
Ke7 41. Rd6 Ne5 42. Rd4 Nxc4+ 43. Rxc4 Rb2 44. Re4+ Kf8 45. Re5 f6 46. Rh5 h6
47. Rd5 Ke7 48. h4 Ke6 0-1

[Event "22nd ch-EUR Indiv 2022"]
[Site "Terme Catez SLO"]
[Date "2022.04.01"]
[Round "6.98"]
[White "Vetoshko, Volodymyr"]
[Black "Murko, David"]
[Result "1-0"]
[WhiteTitle "GM"]
[WhiteElo "2507"]
[BlackElo "2273"]
[WhiteFideId "14122480"]
[BlackFideId "14613891"]
[EventDate "2022.03.27"]

1. d4 Nf6 2. c4 g6 3. Nc3 d5 4. cxd5 Nxd5 5. e4 Nxc3 6. bxc3 Bg7 7. Bb5+ c6 8.
Ba4 O-O 9. Nf3 b5 10. Bb3 Bb7 11. O-O Nd7 12. Bg5 c5 13. Re1 Re8 14. a4 a6 15.
Qe2 c4 16. Bc2 Nb6 17. Reb1 Qd7 18. Nd2 e6 19. Qe3 Qc6 20. Ra2 Bf8 21. Nf3 Nd7
22. h4 Qb6 23. Qe2 Bc6 24. Nh2 Qc7 25. Ng4 f5 26. axb5 Bxb5 27. Nh6+ Kg7 28. Qf3
Bd6 29. e5 1-0

[Event "22nd ch-EUR Indiv 2022"]
[Site "Terme Catez SLO"]
[Date "2022.04.01"]
[Round "6.99"]
[White "Gajcin, Marina"]
[Black "Maurizzi, Marc'Andria"]
[Result "0-1"]
[WhiteTitle "WIM"]
[BlackTitle "GM"]
[WhiteElo "2254"]
[BlackElo "2493"]
[WhiteFideId "949086"]
[BlackFideId "36083534"]
[EventDate "2022.03.27"]

1. e4 e5 2. Nf3 Nc6 3. Bc4 Nf6 4. d3 Bc5 5. c3 d6 6. a4 a6 7. O-O Ba7 8. b4 h6
9. Nbd2 Nh7 10. Nb3 Qf6 11. Be3 Ng5 12. Nbd2 Ne7 13. Nxg5 hxg5 14. Qf3 Qg6 15.
Bxa7 Rxa7 16. Rfe1 Ra8 17. d4 g4 18. Qe3 Qh5 19. Nf1 Ng6 20. g3 Be6 21. Be2 O-O
22. f3 f5 23. exf5 Bxf5 24. d5 gxf3 25. Bxf3 Bg4 26. Bxg4 Qxg4 27. Qe2 Qg5 28.
Kh1 e4 29. Qxe4 Rae8 30. Qg2 Ne5 31. Ra2 Nd3 32. Rxe8 Rxe8 33. Rd2 Qf5 34. g4
Qg6 35. Qf3 Ne1 36. Qf4 Rf8 37. Qc4 Qe4+ 0-1

[Event "22nd ch-EUR Indiv 2022"]
[Site "Terme Catez SLO"]
[Date "2022.04.01"]
[Round "6.100"]
[White "Gershkowich, David"]
[Black "Loiseau, Quentin"]
[Result "1/2-1/2"]
[WhiteTitle "FM"]
[BlackTitle "IM"]
[WhiteElo "2233"]
[BlackElo "2474"]
[WhiteFideId "2803356"]
[BlackFideId "665274"]
[EventDate "2022.03.27"]

1. e4 c5 2. Nf3 Nc6 3. Nc3 e6 4. d4 cxd4 5. Nxd4 Nf6 6. Nxc6 bxc6 7. e5 Nd5 8.
Ne4 Qc7 9. f4 Qb6 10. c4 Bb4+ 11. Ke2 f5 12. Nf2 Ba6 13. Kf3 Ne7 14. Be3 Bc5 15.
Bxc5 Qxc5 16. Qd6 Qb6 17. b3 c5 18. Rd1 Qxd6 19. Rxd6 Bb7+ 20. Ke3 g5 21. fxg5
f4+ 22. Kd2 Ng6 23. Bd3 Bxg2 24. Rg1 Bc6 25. Ng4 Ke7 26. Rf1 f3 27. Rxc6 dxc6
28. Rxf3 Raf8 29. Rg3 Rf4 30. Ke3 Rhf8 31. h4 Nxh4 32. Nf6 Rf5 33. Be4 Rxe5 34.
Kf4 Rxe4+ 35. Kxe4 Rd8 36. Rd3 Rxd3 37. Kxd3 h6 38. Ng8+ Kf7 39. Nxh6+ Kg6 40.
Ng4 Kxg5 41. Ne5 Kf4 42. Nxc6 e5 43. Ke2 Nf5 44. Nxa7 Nd4+ 45. Ke1 Ke3 46. Nb5
e4 47. Nc3 Kd3 48. Nxe4 Nc2+ 49. Kd1 Ne3+ 50. Kc1 Kxe4 51. a3 Nxc4 52. b4 Nxa3
53. bxc5 Kd5 54. c6 Kxc6 1/2-1/2

[Event "22nd ch-EUR Indiv 2022"]
[Site "Terme Catez SLO"]
[Date "2022.04.01"]
[Round "6.101"]
[White "Rakhmangulova, Anastasiya"]
[Black "Sanikidze, Tornike"]
[Result "0-1"]
[WhiteTitle "WIM"]
[BlackTitle "GM"]
[WhiteElo "2229"]
[BlackElo "2439"]
[WhiteFideId "14117479"]
[BlackFideId "13602608"]
[EventDate "2022.03.27"]

1. e4 g6 2. d4 Bg7 3. c4 d6 4. Nc3 e5 5. Nge2 Nc6 6. Be3 exd4 7. Nxd4 Nge7 8.
Be2 O-O 9. O-O f5 10. exf5 Bxd4 11. fxg6 Bxe3 12. gxh7+ Kh8 13. fxe3 Bf5 14. Qb3
b6 15. Bf3 Rb8 16. Nb5 Ne5 17. Qc3 Bd3 18. Rfd1 Bxc4 19. Nxa7 Rxf3 20. gxf3 Nd5
21. Rxd5 Qg5+ 22. Kh1 Be2 23. Rf1 Bxf1 24. Rd2 Rf8 25. Rf2 Rxf3 0-1

[Event "22nd ch-EUR Indiv 2022"]
[Site "Terme Catez SLO"]
[Date "2022.04.01"]
[Round "6.102"]
[White "Sarrau, Jelle"]
[Black "Bilovil, Bogdan"]
[Result "1/2-1/2"]
[WhiteTitle "FM"]
[WhiteElo "2401"]
[BlackElo "2272"]
[WhiteFideId "207608"]
[BlackFideId "14168766"]
[EventDate "2022.03.27"]

1. c4 Nf6 2. Nf3 e6 3. g3 d5 4. Bg2 d4 5. d3 Nc6 6. O-O Bc5 7. Nbd2 a5 8. Nb3
Be7 9. e3 dxe3 10. Bxe3 Ng4 11. Bc5 O-O 12. d4 a4 13. Bxe7 Qxe7 14. Nc5 e5 15.
Re1 Rd8 16. Nxa4 e4 17. Nc3 f5 18. Nd5 Qd6 19. Nd2 Nxd4 20. Nxe4 fxe4 21. Qxd4
c6 22. Rxe4 cxd5 23. Rxg4 Bxg4 24. Qxg4 dxc4 25. Qxc4+ Kh8 26. Re1 Qb6 27. b4
Rac8 28. Qe4 Rf8 29. Rf1 Rce8 30. Qxb7 Qxb7 31. Bxb7 Rb8 32. Bc6 1/2-1/2

[Event "22nd ch-EUR Indiv 2022"]
[Site "Terme Catez SLO"]
[Date "2022.04.01"]
[Round "6.103"]
[White "Golubovic, Boris"]
[Black "Muetsch, Annmarie"]
[Result "1/2-1/2"]
[WhiteTitle "IM"]
[BlackTitle "WIM"]
[WhiteElo "2393"]
[BlackElo "2263"]
[WhiteFideId "14502160"]
[BlackFideId "12971367"]
[EventDate "2022.03.27"]

1. d4 Nf6 2. Nf3 g6 3. Bg5 Bg7 4. Nbd2 O-O 5. c3 d6 6. e4 c5 7. dxc5 dxc5 8. Bc4
Nc6 9. O-O Qc7 10. Qe2 Na5 11. Bd3 Be6 12. Nc4 Nc6 13. a4 Rad8 14. Rfd1 b6 15.
h3 h6 16. Bxf6 Bxf6 17. Ne3 Ne5 18. Nxe5 Qxe5 19. Ng4 Bxg4 20. hxg4 e6 21. g3
Kg7 22. Kg2 Qc7 23. Bb5 Rxd1 24. Rxd1 Rd8 25. Rxd8 Qxd8 26. Qd3 Qxd3 27. Bxd3
Bd8 28. f4 Bc7 29. e5 f6 30. exf6+ Kxf6 31. Kf3 Bd6 32. Ke4 Bc7 33. b4 cxb4 34.
cxb4 a5 35. bxa5 bxa5 36. Bc4 Bd6 1/2-1/2

[Event "22nd ch-EUR Indiv 2022"]
[Site "Terme Catez SLO"]
[Date "2022.04.01"]
[Round "6.104"]
[White "Bauer, Thomas"]
[Black "Barp, Alberto"]
[Result "1/2-1/2"]
[WhiteTitle "CM"]
[BlackTitle "IM"]
[WhiteElo "2224"]
[BlackElo "2388"]
[WhiteFideId "1639293"]
[BlackFideId "872555"]
[EventDate "2022.03.27"]

1. e4 e5 2. Nf3 Nc6 3. Bb5 a6 4. Ba4 Nf6 5. d3 d6 6. c3 g6 7. O-O Bg7 8. Re1 O-O
9. Nbd2 b5 10. Bc2 Bb7 11. Nf1 Re8 12. Bg5 h6 13. Bh4 Qc8 14. Rc1 Nh5 15. N3d2
Ne7 16. Nb3 a5 17. a4 bxa4 18. Nbd2 Nf4 19. Ra1 Bc6 20. Bxe7 Rxe7 21. Nc4 Qd7
22. Nfe3 Ree8 23. g3 d5 24. gxf4 dxc4 25. f5 cxd3 26. Qxd3 Qxd3 27. Bxd3 Rab8
28. Re2 Red8 29. Bc4 Bxe4 30. fxg6 Bxg6 31. Rxa4 Bh5 32. Rc2 Bg6 33. Re2 Bh5 34.
Rc2 Rd1+ 35. Kg2 Bg6 36. Re2 Rb1 37. b3 e4 38. Nd5 Re8 39. Rxa5 Re5 40. Re3 Kh7
41. Ra7 Rg5+ 42. Rg3 Bh5 43. Kh3 Rb2 44. f4 exf3 45. Bd3+ Bg6 46. Bxg6+ fxg6 47.
Rxg5 hxg5 48. Rxc7 Rg2 49. Ne3 Re2 50. Ng4 Kg8 51. Kg3 f2 52. Rc8+ Kf7 53. Nxf2
Re3+ 54. Kg2 Rxc3 55. Rxc3 Bxc3 56. Ne4 Bb4 57. Nxg5+ Kf6 58. Nf3 Kf5 59. Nh4+
Kg5 60. Kh3 Bd6 61. Ng2 Kf5 62. Ne3+ Ke4 63. Nc4 Bc7 64. Na3 Bd6 65. Nb5 Be5 66.
Na3 Bd6 67. Nc4 Bc7 68. Kg2 Kd3 69. Na3 Bxh2 70. Kxh2 Kc3 71. Nc4 1/2-1/2

[Event "22nd ch-EUR Indiv 2022"]
[Site "Terme Catez SLO"]
[Date "2022.04.01"]
[Round "6.105"]
[White "Damia, Angelo"]
[Black "Ohanyan, Emin"]
[Result "1/2-1/2"]
[WhiteTitle "IM"]
[BlackTitle "IM"]
[WhiteElo "2223"]
[BlackElo "2379"]
[WhiteFideId "812668"]
[BlackFideId "13312022"]
[EventDate "2022.03.27"]

1. e4 c5 2. Nf3 Nc6 3. d4 cxd4 4. Nxd4 Nf6 5. Nc3 e5 6. Ndb5 d6 7. Nd5 Nxd5 8.
exd5 Nb8 9. c4 a6 10. Qa4 Nd7 11. c5 dxc5 12. d6 axb5 13. Qxa8 c4 14. Bg5 f6 15.
Be3 Bxd6 16. O-O-O Ke7 17. Be2 Qc7 18. Rd5 Nb6 19. Bxb6 Qxb6 20. Bg4 Qa6 21.
Qxa6 bxa6 22. Bxc8 Rxc8 23. Rhd1 Rc6 24. a3 Ke6 25. Kc2 g6 26. f3 h5 27. h3 h4
28. Kc3 Bc5 29. Rd8 Bd4+ 30. Kc2 Kf5 31. Re1 g5 32. Re4 Rb6 33. Rd5 Kg6 34. Rd8
b4 35. axb4 Rxb4 36. Rdxd4 exd4 37. Rxd4 Kf5 38. Kc3 Rb3+ 39. Kc2 Re3 40. Kd2
Rb3 41. Kc2 Rb4 42. Kc3 Ra4 43. b3 Ra3 44. Rxc4 Ra2 45. Rg4 Rf2 46. Kb4 Ra2 47.
Kc5 a5 48. Kb5 Ra3 49. Kc4 a4 50. bxa4 Rxa4+ 51. Kd3 Ra2 52. Ke3 Rb2 53. f4 1/2-1/2

[Event "22nd ch-EUR Indiv 2022"]
[Site "Terme Catez SLO"]
[Date "2022.04.01"]
[Round "6.106"]
[White "Ciolek, Andreas"]
[Black "Risteski, Emil"]
[Result "1/2-1/2"]
[WhiteTitle "FM"]
[BlackTitle "FM"]
[WhiteElo "2191"]
[BlackElo "2374"]
[WhiteFideId "12906727"]
[BlackFideId "15005267"]
[EventDate "2022.03.27"]

1. d4 Nf6 2. Nf3 g6 3. g3 Bg7 4. Bg2 O-O 5. O-O d6 6. b3 e5 7. dxe5 dxe5 8. Ba3
e4 9. Bxf8 Qxf8 10. Nd4 e3 11. f3 Nc6 12. Nxc6 bxc6 13. Nc3 Bf5 14. Qc1 Nd5 15.
Nxd5 cxd5 16. Qxe3 Re8 17. Qxa7 Bxa1 18. Rxa1 Rxe2 19. Bf1 Rxc2 20. Re1 Qb4 21.
Re8+ Kg7 22. Qe3 Qb6 23. Qxb6 cxb6 24. Rd8 Be6 25. a4 Rb2 26. Rb8 Rxb3 27. a5 d4
28. Rxb6 Ra3 29. Rd6 Rxa5 30. Rxd4 Ra1 31. Kf2 Ra2+ 32. Be2 Kf6 33. Ke3 Ra3+ 34.
Rd3 Ra1 35. Rd1 Ra5 36. Rd2 h6 37. h4 Ke5 38. Rb2 Ra3+ 39. Kf2 Bd5 40. Rb5 Kd4
41. Rb4+ Ke5 42. Rb5 Rc3 43. Rb4 Kd6 44. Ra4 Kc5 45. Ra5+ Kd6 46. Ra4 Bc6 47.
Ra7 Bd5 1/2-1/2

[Event "22nd ch-EUR Indiv 2022"]
[Site "Terme Catez SLO"]
[Date "2022.04.01"]
[Round "6.107"]
[White "Spalir, Jernej"]
[Black "Milikow, Elie"]
[Result "1-0"]
[WhiteTitle "IM"]
[BlackTitle "CM"]
[WhiteElo "2373"]
[BlackElo "2256"]
[WhiteFideId "14606518"]
[BlackFideId "371281868"]
[EventDate "2022.03.27"]

1. d4 Nf6 2. c4 e6 3. g3 Bb4+ 4. Bd2 a5 5. Bg2 d5 6. Nf3 O-O 7. Qc2 c5 8. cxd5
cxd4 9. Nxd4 Qb6 10. e3 exd5 11. O-O Nc6 12. Nxc6 bxc6 13. Rc1 Rb8 14. b3 Bd7
15. Nc3 h5 16. Na4 Qd8 17. Bxb4 axb4 18. Nc5 Rb6 19. Rd1 Qe7 20. Rac1 Ra8 21.
Rd4 Ra5 22. e4 dxe4 23. Bxe4 Be8 24. Bf3 Rbb5 25. Nd3 Qa7 26. Rd8 Qc7 27. Rd4
Qa7 28. Qc4 Rxa2 29. Rd8 Rb8 30. Rxb8 Qxb8 31. Nxb4 Ra3 32. Rc3 Qe5 33. Kg2 Qe1
34. Nc2 Qc1 35. Nxa3 Qxa3 36. Bxc6 Bxc6+ 37. Qxc6 Qb2 38. Qc8+ Kh7 39. Qf5+ Kh6
40. Rc8 g6 41. Qc2 Qd4 42. Qc3 Qd5+ 43. Qf3 Ne4 44. h4 Kg7 45. Kh2 Qe5 46. Qe3
Qd5 47. Rc4 Nd2 48. Qc3+ Kh7 49. Rf4 f5 50. b4 Ne4 51. Qc7+ Kh6 52. Rf3 Nf6 53.
Qc1+ Kh7 54. Ra3 Ng4+ 55. Kg1 Qd4 56. Qc7+ 1-0

[Event "22nd ch-EUR Indiv 2022"]
[Site "Terme Catez SLO"]
[Date "2022.04.01"]
[Round "6.108"]
[White "Manca, Federico"]
[Black "Mitev, Valentin"]
[Result "1/2-1/2"]
[WhiteTitle "IM"]
[BlackTitle "FM"]
[WhiteElo "2370"]
[BlackElo "2255"]
[WhiteFideId "800171"]
[BlackFideId "2921707"]
[EventDate "2022.03.27"]

1. e4 c5 2. c3 d5 3. exd5 Qxd5 4. d4 Nf6 5. Nf3 e6 6. Be3 cxd4 7. cxd4 Bb4+ 8.
Nc3 Bd7 9. a3 Bxc3+ 10. bxc3 O-O 11. c4 Qa5+ 12. Bd2 Qa4 13. Ne5 Qxd1+ 14. Rxd1
Ba4 15. Rb1 Nc6 16. Nxc6 Bxc6 17. f3 Nd7 18. Kf2 b6 19. Be2 e5 20. dxe5 Nxe5 21.
Be3 Rfc8 22. Rhd1 Nd7 23. Rd6 Nf8 24. c5 bxc5 25. Bxc5 Ne6 26. Be3 a6 27. Rc1
Bb5 28. Rxc8+ Rxc8 29. Bxb5 axb5 30. Rb6 Rc2+ 31. Kg3 h6 32. Rxb5 Rc3 33. Kf2
Rxa3 34. f4 Ra2+ 35. Kf3 Ra3 36. Kf2 Ra2+ 37. Kf3 1/2-1/2

[Event "22nd ch-EUR Indiv 2022"]
[Site "Terme Catez SLO"]
[Date "2022.04.01"]
[Round "6.109"]
[White "Richter, Nils"]
[Black "Kochavi, Ori"]
[Result "0-1"]
[WhiteTitle "FM"]
[BlackTitle "FM"]
[WhiteElo "2365"]
[BlackElo "2253"]
[WhiteFideId "12990809"]
[BlackFideId "2816873"]
[EventDate "2022.03.27"]

1. d4 Nf6 2. c4 e6 3. g3 d5 4. Bg2 Bb4+ 5. Nd2 O-O 6. Nf3 b6 7. O-O Bb7 8. a3
Be7 9. cxd5 exd5 10. b4 a5 11. b5 c6 12. Qa4 cxb5 13. Qxb5 Ba6 14. Qb2 Nbd7 15.
Ne5 Rc8 16. Ndf3 Ne4 17. Bh3 f5 18. Be3 b5 19. Nxd7 Qxd7 20. Rfc1 b4 21. axb4
Bxb4 22. Bd2 Nxd2 23. Nxd2 Bxe2 24. Nf1 Bxf1 25. Bxf1 f4 26. Bg2 f3 27. Bf1 Rce8
28. Ra2 Re4 29. Rd1 Rfe8 30. Qb3 Qf5 31. Raa1 Re2 32. Rd3 a4 33. Qxa4 Re1 34.
Rdd1 Rxf1+ 35. Rxf1 Qh3 36. Qxe8+ Bf8 37. Qe6+ Qxe6 38. Kh1 Qg4 39. Rad1 Bb4 40.
Rd3 Qe4 41. Rfd1 Qe2 0-1

[Event "22nd ch-EUR Indiv 2022"]
[Site "Terme Catez SLO"]
[Date "2022.04.01"]
[Round "6.110"]
[White "Lenaerts, Lennert"]
[Black "Marn, Jan"]
[Result "1/2-1/2"]
[WhiteTitle "FM"]
[BlackTitle "FM"]
[WhiteElo "2361"]
[BlackElo "2232"]
[WhiteFideId "211435"]
[BlackFideId "14619245"]
[EventDate "2022.03.27"]

1. e4 e5 2. Nf3 Nc6 3. Bb5 a6 4. Ba4 Nf6 5. O-O Be7 6. Re1 b5 7. Bb3 d6 8. c3
O-O 9. h3 Nb8 10. d4 Nbd7 11. Nbd2 Bb7 12. Bc2 Re8 13. Nf1 Bf8 14. Ng3 g6 15. a4
c5 16. d5 c4 17. Bg5 h6 18. Be3 Nc5 19. Qd2 h5 20. Bxc5 dxc5 21. Qg5 Nd7 22.
Qxd8 Rexd8 23. Nf1 Bh6 24. Ne3 f6 25. g4 Bxe3 26. Rxe3 hxg4 27. hxg4 g5 28. Ne1
Nb6 29. Ng2 Bc8 30. f3 Bd7 31. Ree1 Rdb8 32. Ne3 Nc8 33. Reb1 Nd6 34. Bd1 Kg7
35. Be2 Kf7 36. Kg2 Kg7 37. Ra2 Kf7 38. Rba1 bxa4 39. Nxc4 Ke7 40. Rh1 Nxc4 41.
Rh7+ Kd6 42. Bxc4 Bb5 43. Bf1 Rh8 44. Rxh8 Rxh8 45. c4 Bd7 46. Bd3 Rb8 47. Kf2
Rb4 48. Ke2 Ke7 49. Kd2 Kf7 50. Kc2 a5 51. Ra3 Ke7 52. Kc3 Kf7 53. Bc2 Kf8 54.
Ra2 Kf7 55. b3 Kg7 56. bxa4 Kf7 57. Bb3 Kg7 58. Ra1 Kf7 59. Ra2 Kg7 60. Rd2 Kf7
61. d6 Rb6 62. Rd5 Rc6 63. Bc2 Ke6 64. Rd1 Rxd6 65. Rb1 Ra6 66. Rb8 Bc6 67. Bb3
Ra8 68. Rxa8 Bxa8 69. Bc2 Bc6 70. Bb3 Ba8 71. Bc2 Bc6 72. Bb3 1/2-1/2

[Event "22nd ch-EUR Indiv 2022"]
[Site "Terme Catez SLO"]
[Date "2022.04.01"]
[Round "6.111"]
[White "Gombocz, Ferenc Jr."]
[Black "Langheinrich, Ferenc"]
[Result "1/2-1/2"]
[WhiteTitle "FM"]
[BlackTitle "IM"]
[WhiteElo "2188"]
[BlackElo "2351"]
[WhiteFideId "775029"]
[BlackFideId "4641973"]
[EventDate "2022.03.27"]

1. c4 c5 2. g3 g6 3. Bg2 Bg7 4. Nc3 Nc6 5. Nf3 e6 6. h4 h5 7. O-O Nge7 8. d4
cxd4 9. Nb5 Nf5 10. Bh3 a6 11. Qa4 Rb8 12. Bxf5 axb5 13. cxb5 gxf5 14. bxc6 e5
15. Qa7 Qc7 16. Bd2 dxc6 17. Ba5 Qd6 18. Bb4 Qc7 19. Ba5 Qd6 20. Bb4 Qc7 1/2-1/2

[Event "22nd ch-EUR Indiv 2022"]
[Site "Terme Catez SLO"]
[Date "2022.04.01"]
[Round "6.112"]
[White "Milikow, Yoav"]
[Black "Saraci, Korab"]
[Result "1-0"]
[WhiteTitle "FM"]
[WhiteElo "2349"]
[BlackElo "2229"]
[WhiteFideId "2822237"]
[BlackFideId "4701968"]
[EventDate "2022.03.27"]

1. d4 Nf6 2. c4 d5 3. cxd5 Nxd5 4. e4 Nb6 5. Nc3 g6 6. Be3 Bg7 7. Qd2 O-O 8. h4
h5 9. O-O-O Nc6 10. f4 Na5 11. b3 Qd6 12. Be2 Qa3+ 13. Kb1 a6 14. f5 Qb4 15. Kc2
c5 16. dxc5 Bxf5 17. exf5 Rad8 18. Qe1 Rxd1 19. Bxd1 Nd5 20. Bd2 Qxc5 21. Rh3
Nb4+ 22. Kb1 Qxf5+ 23. Ne4 Rd8 24. Nf3 Nd3 25. Qe3 Nc6 26. Bc2 Ncb4 27. Qb6 Nc6
28. Nc3 Qd7 29. a3 Nde5 30. Nxe5 Qxd2 31. Nxc6 bxc6 32. Qxc6 Qe1+ 33. Kb2 Bh6
34. b4 Qc1+ 35. Kb3 Rd2 36. Ne4 Re2 37. Rf3 Re3+ 38. Rxe3 Qxe3+ 39. Qc3 Qb6 40.
Ng5 Qd8 41. Qh8+ 1-0

[Event "22nd ch-EUR Indiv 2022"]
[Site "Terme Catez SLO"]
[Date "2022.04.01"]
[Round "6.113"]
[White "Wecker, Martin"]
[Black "Unuk, Laura"]
[Result "0-1"]
[BlackTitle "IM"]
[WhiteElo "2180"]
[BlackElo "2346"]
[WhiteFideId "12931462"]
[BlackFideId "14609215"]
[EventDate "2022.03.27"]

1. d4 Nf6 2. c4 e6 3. Nf3 d5 4. g3 Bb4+ 5. Bd2 a5 6. Bg2 O-O 7. O-O dxc4 8. Bg5
Be7 9. Qc2 h6 10. Bxf6 Bxf6 11. Qxc4 Nd7 12. Qc2 c6 13. Nc3 e5 14. d5 cxd5 15.
Nxd5 Nb6 16. Nxf6+ Qxf6 17. Nd2 Bf5 18. Ne4 Qg6 19. Qb3 Bxe4 20. Bxe4 Qxe4 21.
Qxb6 Rfd8 22. e3 Qf3 23. Qb3 h5 24. h4 Rd2 25. Qc3 Rd5 26. Qb3 Rd6 27. Rad1 a4
28. Qc2 Rc6 29. Qd2 g5 30. e4 gxh4 31. Qg5+ Rg6 32. Qxh4 Kg7 33. Qh1 Qg4 34. Rd3
h4 35. Qf3 Rc8 36. Kg2 Qg5 37. Qf5 Rc2 38. Rd7 Qxg3+ 0-1

[Event "22nd ch-EUR Indiv 2022"]
[Site "Terme Catez SLO"]
[Date "2022.04.01"]
[Round "6.114"]
[White "Bilych, Olexiy"]
[Black "Lozynskyi, Bohdan"]
[Result "1/2-1/2"]
[WhiteTitle "FM"]
[WhiteElo "2342"]
[BlackElo "2201"]
[WhiteFideId "14156504"]
[BlackFideId "14182602"]
[EventDate "2022.03.27"]

1. e4 e5 2. Nf3 Nf6 3. Nxe5 d6 4. Nf3 Nxe4 5. Nc3 Nxc3 6. dxc3 Be7 7. Be3 Nc6 8.
Bd3 Bf6 9. Qd2 Be6 10. Ng5 Bxg5 11. Bxg5 Qd7 12. b3 h6 13. Be3 O-O-O 14. O-O-O
Rhe8 15. h3 Bf5 16. Be2 Be4 17. Rhg1 Kb8 18. c4 f6 19. Qc3 Qf7 20. g4 g5 21. c5
d5 22. Bb5 f5 23. Bxc6 bxc6 24. Qa5 Bf3 25. Rd4 Re4 26. Rb4+ Rxb4 27. Qxb4+ Kc8
28. Qc3 Re8 29. a4 fxg4 30. hxg4 Re4 31. Kb2 Qf8 32. Rg3 Rxg4 33. Rxg4 Bxg4 34.
Qe5 Qf5 35. Qxf5+ Bxf5 36. Kc3 Kd7 37. Kd2 Ke6 38. f3 Bg6 39. Bf2 h5 40. Bg3 d4
41. Bf2 Kd5 42. c3 dxc3+ 43. Kxc3 h4 44. Kd2 h3 45. Bg1 a6 46. a5 Bf5 47. Kd1
Bh7 48. Kd2 Bg8 49. Kd3 Bf7 50. Kd2 Ke5 51. Bh2+ Kf5 52. b4 Ke6 53. Ke3 Kd5 54.
Kf2 Kc4 55. Bxc7 Kxb4 56. Bb6 Be6 57. Kg3 Kc4 58. Kh2 Kd4 59. Kg3 1/2-1/2

[Event "22nd ch-EUR Indiv 2022"]
[Site "Terme Catez SLO"]
[Date "2022.04.01"]
[Round "6.115"]
[White "Gaal, Zsoka"]
[Black "Vidic, Teja"]
[Result "1-0"]
[WhiteTitle "WIM"]
[BlackTitle "WIM"]
[WhiteElo "2336"]
[BlackElo "2191"]
[WhiteFideId "777765"]
[BlackFideId "14605511"]
[EventDate "2022.03.27"]

1. Nf3 Nf6 2. c4 e6 3. g3 d5 4. d4 Be7 5. Bg2 O-O 6. O-O dxc4 7. Qc2 a6 8. a4
Bd7 9. Qxc4 b5 10. Qc2 Nc6 11. axb5 Nb4 12. Qb3 Bxb5 13. Nc3 Bc6 14. Bf4 Rb8 15.
Qc4 Ne8 16. e4 Qc8 17. Rfc1 Qb7 18. Ne5 Nd6 19. Qe2 Be8 20. Na4 Bb5 21. Qg4 Bxa4
22. Rxa4 Qb5 23. Rxb4 Qxb4 24. Nc6 Qxb2 25. Nxe7+ Kh8 26. e5 Nb5 27. Be4 Nxd4
28. Qh4 Ne2+ 29. Kh1 g6 30. Qf6# 1-0